000 00598nam a22002177a 4500
003 UA-OsUOA
001 110531
007 ta
008 20150324b un ||||| |||| 00| 0 ukr d
100 _aКузнецов В.Ю.
090 _a101
_bК89
942 _cSA
040 _aUA-OsUOA
_brus
_cUA-OsUOA
_dUA-OsUOA
245 _aЕдинство мира в постнекласиическую эпоху (к постановку проблемы)
300 _aС.150-161
955 _a0
041 _arus
080 _a101
773 0 _w110525
650 7 _a1 Філософські науки
_2UDC
999 _c396643
_d396643